000 01221nam a2200313 c 4500
003 BLK
005 20180420214607.0
008 180412b bul|||||r ||||||| ||bul||
010 _aKNG00012443000
020 _a954-17-0115-9
_bиздат.: Калпазанов
040 _aBLK
041 _aBUL
_cBUL
080 _aАмериканска литература (на САЩ)
_b821.111(73)
_x-31
_z821.111(73)-31
100 1 _aКоупланд, Лори
_eпърви автор
_9244424
700 1 _aБлагоева, Румяна
_eпрев. от англ.
_9255980
139 _aКоупланд, Лори
_bK 87
245 1 0 _aОгнена стихия
_b[Роман]
_cЛори Коупланд; прев. от англ. Румяна Благоева.
257 _aUSA
260 Габрово
_bКалпазанов
_c1996
_fВ. Търново : Абагар
300 _a220 с.
_c20 см
380 _aX
490 1 _aПоредица Знаменити романи
_v006
500 _aОриг. загл. Spitfire / Lori Copeland ; 2 500 тир
852 _aЦб 188968
856 4 _qpdf
_u
856 4 _qpdf
_u
942 _cKNG
_n0
944 _aCR
_c15.01.2003
_kAB_DOS
944 _aED
_c13.03.2018
_kГеновева_Генчева
999 _c10929
_d10929